[Event "Let's Play Chess!"]
[Site "http://www.queenalice.com/game.php?id=277554"]
[Date "2007.9.26"]
[Round "-"]
[White "madz123456"]
[Black "netoneto5"]
[Result "1-0"]
[WhiteElo "1724"]
[BlackElo "1555"]

1. e4 e6 2. d4 Nf6 3. Bg5 h6 4. Bxf6 Qxf6 5. e5 Qf5 6. Nf3 Bb4+ 7. c3 Ba5 8. Bd3
Qg4 9. O-O f5 10. h3 Qh5 11. Nbd2 O-O 12. a4 d6 13. b4 Bb6 14. a5 dxe5 15. Nxe5
Qg5 16. axb6 cxb6 17. Ndf3 Qd8 18. Re1 Qc7 19. Qb3 Bd7 20. Nxd7 Nxd7 21. Qxe6+
Rf7 22. Bc4 Nf8 23. Qxf7+ Qxf7 24. Bxf7+ Kxf7 25. Ne5+ Kg8 26. f4 Rc8 27. Rxa7
Kh7 28. Rxb7 Rxc3 29. Rxb6 Rb3 30. Ra1 1-0

[Event "Let's Play Chess!"]
[Site "http://www.queenalice.com/game.php?id=282347"]
[Date "2007.10.7"]
[Round "-"]
[White "netoneto5"]
[Black "tche_elvio"]
[Result "1-0"]
[WhiteElo "1611"]
[BlackElo "1516"]

1. d4 g6 2. e4 e6 3. d5 exd5 4. Qxd5 Bg7 5. Bc4 Qe7 6. Bg5 Qe6 7. Nc3 Bxc3+ 8.
bxc3 c6 9. Qxe6+ dxe6 10. e5 Bd7 11. Rb1 Ne7 12. Bf6 Rg8 13. Rxb7 a5 14. Nf3 Na6
15. O-O Nc5 16. Rc7 Ne4 17. Ng5 Nxg5 18. Bxg5 Nf5 19. Rd1 Rc8 20. Rcxd7 Ng7 21.
Rd8+ Rxd8 22. Rxd8# 1-0

[Event "Let's Play Chess!"]
[Site "http://www.queenalice.com/game.php?id=282348"]
[Date "2007.10.7"]
[Round "-"]
[White "tche_elvio"]
[Black "netoneto5"]
[Result "0-1"]
[WhiteElo "1506"]
[BlackElo "1639"]

1. e4 e5 2. Nf3 Nc6 3. Bc4 Nf6 4. d3 d5 5. exd5 Nxd5 6. Qe2 Qd6 7. Bd2 Ncb4 8.
Qxe5+ Qxe5+ 9. Nxe5 Nxc2+ 10. Ke2 Be6 11. a3 Nxa1 12. Nc3 Rd8 13. Bg5 f6 14.
Nxd5 Bxd5 15. Bxd5 Rxd5 16. Bf4 fxe5 17. Be3 Nb3 18. Bxa7 Bb4 19. axb4 Nd4+ 20.
Bxd4 Rxd4 21. Rc1 O-O 22. Rxc7 e4 23. dxe4 Rxe4+ 24. Kd3 Rxb4 25. Kc3 Rb6 26. b4
h6 27. Kc4 Rxf2 28. Rc8+ Kh7 29. Kc5 Rbf6 30. Rc7 Rc2+ 0-1

[Event "Let's Play Chess!"]
[Site "http://www.queenalice.com/game.php?id=282361"]
[Date "2007.10.7"]
[Round "-"]
[White "mariane"]
[Black "netoneto5"]
[Result "1-0"]
[WhiteElo "1139"]
[BlackElo "1611"]

1. e3 e5 2. Qf3 d5 3. c4 Nf6 4. cxd5 Bg4 5. Qg3 Qxd5 6. Nc3 Qd7 7. Nge2 e4 8. d4
Nc6 9. Nf4 Rd8 10. Bc4 Nxd4 11. Bd2 Nc2+ 12. Kf1 Nxa1 13. Qh4 Qxd2 14. g3 Bf3
15. Nd3 exd3 16. Qf4 1-0

[Event "Let's Play Chess!"]
[Site "http://www.queenalice.com/game.php?id=283265"]
[Date "2007.10.8"]
[Round "-"]
[White "gutoamora"]
[Black "netoneto5"]
[Result "1-0"]
[WhiteElo "1365"]
[BlackElo "1557"]

1. d4 d5 2. Nf3 Bf5 3. Nc3 e6 4. Bg5 f6 5. Bh4 g5 6. Bg3 c5 7. e3 Nc6 8. Bb5 a6
9. Bxc6+ bxc6 10. Ne5 Bd6 11. Nd3 c4 12. Nc1 Qb6 13. Bxd6 Qxb2 14. N1e2 Rd8 15.
Rb1 Qxc2 16. Ba3 Qxd1+ 17. Rxd1 Nh6 18. O-O 1-0

[Event "Let's Play Chess!"]
[Site "http://www.queenalice.com/game.php?id=283266"]
[Date "2007.10.8"]
[Round "-"]
[White "gutoamora"]
[Black "netoneto5"]
[Result "1-0"]
[WhiteElo "1387"]
[BlackElo "1517"]

1. d4 d5 2. Nf3 Bf5 3. Nc3 e6 4. Bg5 Nf6 5. e3 c5 6. Bb5+ Nbd7 7. Ne5 h6 8.
Bxd7+ Ke7 9. Bh4 g5 10. Bg3 Nxd7 11. Nb5 Nxe5 12. Bxe5 Rg8 13. Qh5 Qa5+ 14. Nc3
Rc8 15. O-O cxd4 16. Bxd4 Bg6 17. Qf3 f5 18. Qe2 f4 19. exf4 Bg7 20. Bxg7 Rxg7
21. Rfe1 gxf4 22. Qxe6+ Kd8 23. Nxd5 Rc6 24. Qe5 Bxc2 25. Qxg7 Qxd5 26. Qe7+ Kc8
27. Rac1 1-0

[Event "Let's Play Chess!"]
[Site "http://www.queenalice.com/game.php?id=283286"]
[Date "2007.10.9"]
[Round "-"]
[White "gcmorales"]
[Black "netoneto5"]
[Result "1-0"]
[WhiteElo "1286"]
[BlackElo "1535"]

1. Nc3 e5 2. Nd5 Bc5 3. c3 Nf6 4. c4 Ne4 5. d3 Nxf2 6. b4 Nxd1 7. bxc5 d6 8.
Kxd1 Nc6 9. Ba3 O-O 10. Rb1 Na5 11. Nf3 c6 12. Ne3 Rb8 13. cxd6 b5 14. Nxe5 Re8
15. d4 Qg5 16. Bc1 Be6 17. Nc2 Qf5 18. Ba3 f6 19. d5 Bxd5 20. cxd5 Rxe5 21. dxc6
Rd5+ 22. Ke1 Qxc2 23. Rc1 Qxa2 24. Bc5 Qd2+ 25. Kf2 1-0

[Event "Challenge"]
[Site "http://www.queenalice.com/game.php?id=283339"]
[Date "2007.10.9"]
[Round "-"]
[White "netoneto5"]
[Black "theblackfox"]
[Result "1-0"]
[WhiteElo "1557"]
[BlackElo "1523"]

1. e4 d5 2. Nc3 Nf6 3. d4 Nc6 4. Bf4 e6 5. Qf3 Nxd4 6. Qd3 Bc5 7. O-O-O Ng4 8.
Nh3 e5 9. Bg5 f6 10. Bd2 h5 11. f3 Nh6 12. exd5 f5 13. f4 exf4 14. Bxf4 b6 15.
Nb5 O-O 16. Nxd4 Ng4 17. Nb5 Bd7 18. Qf3 Rc8 19. Bc4 c6 20. dxc6+ Kh8 21. cxd7
Ra8 22. Rhe1 Bb4 23. c3 Bc5 24. Ng5 Qe7 25. Rxe7 a6 26. Rxg7 axb5 27. Rh7# 1-0

[Event "# 9"]
[Site "http://www.queenalice.com/game.php?id=283441"]
[Date "2007.10.9"]
[Round "-"]
[White "phystutordotcom"]
[Black "netoneto5"]
[Result "1-0"]
[WhiteElo "1743"]
[BlackElo "1587"]

1. Nf3 d5 2. g3 Nc6 3. Bg2 e5 4. O-O Bc5 5. d3 Nh6 6. Bxh6 gxh6 7. e4 Rg8 8.
exd5 Qxd5 9. Re1 Nd4 10. Rxe5+ Qxe5 11. Nxe5 f6 12. Nf3 Bg4 13. c3 Nf5 14. Qb3
Kd7 15. Qf7+ Kd6 16. Qxf6+ Kd7 17. Ne5+ Kc8 18. Nxg4 Ne7 19. Nd2 b6 20. Ne4 Re8
21. Nxc5 bxc5 22. Bxa8 Nd5 23. Qf5+ Kb8 24. Qxd5 Rg8 25. Qxg8# 1-0

[Event "AUTO-INT-648"]
[Site "http://www.queenalice.com/game.php?id=285750"]
[Date "2007.10.13"]
[Round "1"]
[White "SGF"]
[Black "netoneto5"]
[Result "1-0"]
[WhiteElo "1678"]
[BlackElo "1609"]

1. e4 e5 2. Qh5 g6 3. Qxe5+ Qe7 4. Qxh8 Qxe4+ 5. Ne2 Nh6 6. d3 Qd5 7. Bxh6 Qd6
8. Nbc3 Nc6 9. Nb5 Qe7 10. Nxc7+ Kd8 11. Bxf8 Qxf8 12. Qxf8+ Kxc7 13. Qxf7 b5
14. Qxh7 Ne5 15. d4 Nc4 16. Nf4 Kb6 17. Qxg6+ d6 18. b3 1-0

[Event "AUTO-INT-648"]
[Site "http://www.queenalice.com/game.php?id=285751"]
[Date "2007.10.13"]
[Round "1"]
[White "netoneto5"]
[Black "SGF"]
[Result "0-1"]
[WhiteElo "1595"]
[BlackElo "1691"]

1. e4 e5 2. d4 Qh4 3. g3 Qxe4+ 4. Ne2 Qxh1 5. dxe5 Qxh2 6. Bf4 Bc5 7. Nd4 Nc6 8.
c3 h6 9. Qd3 g5 10. b4 Bxd4 11. cxd4 gxf4 12. gxf4 Qxf4 13. Nd2 Nxb4 14. Qc3 Nd5
15. Qa5 Qxd4 0-1